<?xml version="1.0" encoding="UTF-8"?>
<record
    xmlns:xsi="http://www.w3.org/2001/XMLSchema-instance"
    xsi:schemaLocation="http://www.loc.gov/MARC21/slim http://www.loc.gov/standards/marcxml/schema/MARC21slim.xsd"
    xmlns="http://www.loc.gov/MARC21/slim">

  <leader>01003nam0a2200265   4500</leader>
  <controlfield tag="001">RU\NLR\BIBL_A\011332394</controlfield>
  <controlfield tag="005">20250626044048.0</controlfield>
  <datafield tag="010" ind1=" " ind2=" ">
    <subfield code="9">2000</subfield>
    <subfield code="a">5-8270-0207-0</subfield>
  </datafield>
  <datafield tag="035" ind1=" " ind2=" ">
    <subfield code="a">(NLR Aleph) 011332394</subfield>
  </datafield>
  <datafield tag="090" ind1=" " ind2=" ">
    <subfield code="a">11141816</subfield>
    <subfield code="c">11141816</subfield>
  </datafield>
  <datafield tag="100" ind1=" " ind2=" ">
    <subfield code="a">20170220d1997    |||y0rusy50      ca</subfield>
  </datafield>
  <datafield tag="101" ind1="0" ind2=" ">
    <subfield code="a">inh</subfield>
  </datafield>
  <datafield tag="102" ind1=" " ind2=" ">
    <subfield code="a">RU</subfield>
  </datafield>
  <datafield tag="105" ind1=" " ind2=" ">
    <subfield code="a">y   z   000 y</subfield>
  </datafield>
  <datafield tag="200" ind1="1" ind2=" ">
    <subfield code="a">&#x414;&#x438;&#x43A;&#x442;&#x430;&#x43D;&#x442;&#x438;&#x439;&#x438; &#x438;&#x437;&#x43B;&#x43E;&#x436;&#x435;&#x43D;&#x435;&#x439;&#x438; &#x433;&#x443;&#x43B;&#x43B;&#x430;&#x43C; 5-7 &#x43A;&#x43B;&#x430;&#x441;&#x441;</subfield>
    <subfield code="f">&#x421;. &#x425;. &#x41A;&#x443;&#x440;&#x43A;&#x438;&#x435;&#x432;&#x430;</subfield>
  </datafield>
  <datafield tag="210" ind1=" " ind2=" ">
    <subfield code="a">&#x421;&#x430;&#x440;&#x430;&#x442;&#x43E;&#x432;</subfield>
    <subfield code="c">&#x414;&#x435;&#x442;&#x441;&#x43A;&#x430;&#x44F; &#x43A;&#x43D;&#x438;&#x433;&#x430;</subfield>
    <subfield code="d">1997</subfield>
  </datafield>
  <datafield tag="215" ind1=" " ind2=" ">
    <subfield code="a">267, [1] &#x441;.</subfield>
    <subfield code="d">22</subfield>
  </datafield>
  <datafield tag="541" ind1="1" ind2=" ">
    <subfield code="a">&#x421;&#x431;&#x43E;&#x440;&#x43D;&#x438;&#x43A; &#x434;&#x438;&#x43A;&#x442;&#x430;&#x43D;&#x442;&#x43E;&#x432; &#x438; &#x438;&#x437;&#x43B;&#x43E;&#x436;&#x435;&#x43D;&#x438;&#x439; &#x43D;&#x430; &#x438;&#x43D;&#x433;&#x443;&#x448;&#x441;&#x43A;&#x43E;&#x43C; &#x44F;&#x437;&#x44B;&#x43A;&#x435;</subfield>
    <subfield code="z">rus</subfield>
    <subfield code="e">&#x434;&#x43B;&#x44F; 5-7 &#x43A;&#x43B;&#x430;&#x441;&#x441;&#x43E;&#x432;</subfield>
  </datafield>
  <datafield tag="606" ind1="1" ind2=" ">
    <subfield code="a">&#x418;&#x43D;&#x433;&#x443;&#x448;&#x441;&#x43A;&#x438;&#x439; &#x44F;&#x437;&#x44B;&#x43A;</subfield>
    <subfield code="x">&#x41F;&#x440;&#x435;&#x43F;&#x43E;&#x434;&#x430;&#x432;&#x430;&#x43D;&#x438;&#x435;</subfield>
    <subfield code="x">&#x421;&#x440;&#x435;&#x434;&#x43D;&#x44F;&#x44F; &#x448;&#x43A;&#x43E;&#x43B;&#x430;</subfield>
    <subfield code="9">2176246</subfield>
    <subfield code="3">RU\NLR\auth-onl\66448</subfield>
  </datafield>
  <datafield tag="686" ind1="1" ind2=" ">
    <subfield code="a">&#x427;426.151</subfield>
  </datafield>
  <datafield tag="700" ind1=" " ind2="1">
    <subfield code="a">&#x41A;&#x443;&#x440;&#x43A;&#x438;&#x435;&#x432;&#x430;</subfield>
    <subfield code="b">&#x421;. &#x425;.</subfield>
    <subfield code="4">070</subfield>
  </datafield>
  <datafield tag="852" ind1=" " ind2=" ">
    <subfield code="a">NLR</subfield>
    <subfield code="b">&#x41E;&#x41D;&#x41B;</subfield>
    <subfield code="j">&#x418;&#x43D;&#x433;&#x443;&#x448;./3-574</subfield>
  </datafield>
  <datafield tag="942" ind1=" " ind2=" ">
    <subfield code="c">BOOK</subfield>
  </datafield>
  <datafield tag="980" ind1=" " ind2=" ">
    <subfield code="a">NB</subfield>
  </datafield>
  <datafield tag="995" ind1=" " ind2=" ">
    <subfield code="5">2017-02-20</subfield>
    <subfield code="b">NLR01</subfield>
    <subfield code="c">NLR01</subfield>
    <subfield code="e">ONL</subfield>
    <subfield code="f">1-1435963</subfield>
    <subfield code="k">&#x41E;&#x41D;&#x41B; &#x418;&#x43D;&#x433;&#x443;&#x448;./3-574</subfield>
    <subfield code="o">0</subfield>
    <subfield code="r">BOOK</subfield>
    <subfield code="s">_3574</subfield>
  </datafield>
</record>
